00507nam a2200193 a 4500001001300000003000900013005001700022008004100039020001000080082001500090100002700105245002800132260003300160300000900193500003500202505003300237650001600270700002700286nice12345678IN_TiNIC20260116011334.0050524s1318 teha grp 000 0 per  ac10000a297.4bPAZ aPazooki, Hussain Amjad aTaskin Al-Qulub Amjadi. aTehranbFirdoosi Pressc1318 a99p. aincludes index and biblioraphy2 aBound one Volumes Part 1 & 2 aSufism-Iran1 aPazooki, Hussain Amjad